000 00940nam a22003377a 4500
001 BR7311076
003 BR-BrBNA
005 20230928084229.0
007 ta
008 230509b bl.||||| |||| 00| 0 por d
040 _aBR-BrBNA
_bpor
_cBiblioteca Nacional de Agricultura
041 _a(Por)
072 _aE10; E70
_b5213
090 _ 5213 BR7311076
100 1 _aMartin, N.B.
100 1 _aPires, Z.A.
110 1 _aInstituto de Economia Agricola, Sao Paulo, SP (Brasil)
_96029
245 1 _aPeriodo otimo de confinamento de bovinos de corte [Custo; Preco; Venda; Gado de corte]
_bProjeto IEA/02
260 3 _aSao Paulo, SP (Brasil):
_c1975.
300 _a25 p.
650 _aMacroeconomia
650 _aComercializacao
650 _aGado de corte
650 _aCusto
650 _aPreco
650 _aVenda
650 _aConfinamento
650 _aEngorda
909 _a202309
_bLucia
_c55
_dLucia Elande
942 _cBK
999 _c17587
_d17587